Attitude Everything (Record no. 11279)
[ view plain ]
| 000 -LEADER | |
|---|---|
| fixed length control field | 00253nam a22000977a 4500 |
| 008 - FIXED-LENGTH DATA ELEMENTS--GENERAL INFORMATION | |
| fixed length control field | 190115b ||||| |||| 00| 0 eng d |
| 020 ## - INTERNATIONAL STANDARD BOOK NUMBER | |
| International Standard Book Number | 9789351772071 |
| 100 ## - MAIN ENTRY--PERSONAL NAME | |
| Personal name | Jeff Keller |
| 9 (RLIN) | 7022 |
| 245 ## - TITLE STATEMENT | |
| Title | Attitude Everything |
| 260 ## - PUBLICATION, DISTRIBUTION, ETC. (IMPRINT) | |
| Place of publication, distribution, etc. | India |
| Name of publisher, distributor, etc. | Harper Collins |
| Date of publication, distribution, etc. | 2017 |
| Withdrawn status | Lost status | Source of classification or shelving scheme | Damaged status | Koha normalized classification for sorting | Not for loan | Home library | Current library | Shelving location | Date acquired | Total Checkouts | Total Renewals | Full call number | Barcode | Date last seen | Date last checked out | Price effective from | Koha item type |
|---|---|---|---|---|---|---|---|---|---|---|---|---|---|---|---|---|---|
| Dewey Decimal Classification | 150_000000000000000 | Good Samaritan School Library | Good Samaritan School Library | PSYCHOLOGY | 01/15/2019 | 5 | 2 | 150 | KEL15220 | 02/19/2020 | 02/12/2020 | 01/15/2019 | BOOK |